000 00250nam a2200097Ia 4500
001 639923
005 20250826153437.0
008 250824s9999 xx 000 0 und d
245 0 _aKAZAKLAR ANTİK YENİ
_cTOLSTOY
260 _bANTİK DÜNYA KLASİKLERİ
999 _c639923
_d639923